عرض عادي عرض مارك
  • Huang, J. C.,

مدخل إسم شخص

عدد التسجيلات المستخدمة في: 1

001 - رقم الضبط

  • حقل الضبط: 40875

003 - معرف رقم الضبط

  • حقل الضبط: OSt

005 - تاريخ ووقت أخر عملية

  • حقل الضبط: 20131212165727.0

008 - عناصر بيانات ثابتة الطول

  • حقل تحكم ثابت الطول: 131212|||a|||||| | ||| d

040 ## - مصدر الفهرسة

  • هيئة الفهرسة الأصلية: OSt
  • وكالة الكتابة: OSt

100 ## - مدخل -- أسم شخص

  • إسم شخص: Huang, J. C.,
  • تواريخ مرتبطة بالاسم: 1935-

670 ## - بيانات المصدر موجوده

  • الاستشهاد بالمصدر: Work cat.: (OSt)0: Huang, J. C., 1935-, Path-oriented program analysis /, 2008.